000 01132nam a22003377a 4500
003 CHAP
005 20220329134003.0
008 971013s1985 r 00010 d
010 _a13648
011 _a14620
035 _a18694
040 _cCHAP
090 _aTesis
100 0 0 _aBecerril Pérez, Carlos Miguel.
_911163
245 _aDiseños cruzados en cuadro latino con efectos residuales
260 _aChapingo, Méx. :
_bEl autor,
_c1985
300 _a61 h.
502 _aTesis (M. C. Esp. en Estadística Experimental) -- C. P. Centro de Estadística y Cálculo
590 _aALEPH
_b10
_c20130110
_lUCH01
_h1233
590 _aBATCH-UPD
_b10
_c20130110
_lUCH01
_h1603
590 _aBATCH-UPD
_b10
_c20130410
_lUCH01
_h0959
590 _aBATCH-UPD
_b10
_c20130914
_lUCH01
_h1110
590 _aCONVERSION
_b10
_c20130109
_lUCH01
_h1309
650 1 4 _aCuadro latino.
_929921
650 1 4 _aDiseños experimentales.
_932735
901 _aBK
942 _cFOLL
949 _bBC
_cTES
_d-43523
_eTS1
_h17101
_i18694
_si
949 _bBC
_cTES
_d-43524
_eTS2
_fc.2
_h17102
_i18694
_si
949 _bBC
_cTES
_d-43525
_eTS2
_fc.3
_h17103
_i18694
_si
999 _c13648
_d13648